Hypotekárna kríza v Amerike a jej vplyv na svetové kapitálové trhy

Dôvody vzniku realitnej krízy v USA. Dôsledky hypotekárnej krízy na svetovú ekonomiku. Vývoj akciových trhov v roku 2007.

Salvato in:
Dettagli Bibliografici
Autore principale: Jánošová, Veronika, 1953-
Altri autori: Harumová, Anna, 1955-, Kolláriková, Eva
Natura: Capitolo di libro
Lingua:slovacco
Soggetti:
Tags: Aggiungi Tag
Nessun Tag, puoi essere il primo ad aggiungerne!!

MARC

LEADER 00000naa$a2200000$$$4500
001 0078552
005 20240502071912.8
041 0 |a slo 
044 |a SK 
245 1 0 |a Hypotekárna kríza v Amerike a jej vplyv na svetové kapitálové trhy  |c Veronika Jánošová, Anna Harumová, Eva Kolláriková 
520 |a Dôvody vzniku realitnej krízy v USA. Dôsledky hypotekárnej krízy na svetovú ekonomiku. Vývoj akciových trhov v roku 2007. 
610 2 0 |a trh kapitálový medzinárodný 
610 2 0 |a úver hypotekárny 
610 2 0 |a dlhopisy hypotekárne 
610 2 0 |a swap 
610 2 0 |a kríza finančná 
610 2 0 |a USA 
100 1 |a Jánošová, Veronika, 1953- 
700 1 |a Harumová, Anna, 1955- 
700 1 |a Kolláriková, Eva